How to prepare for SAT II : writing (Record no. 10124)

000 -LEADER
fixed length control field 00672 a2200217 4500
020 ## - INTERNATIONAL STANDARD BOOK NUMBER
International Standard Book Number 0764123467
040 ## - CATALOGING SOURCE
Original cataloging agency DLC
Language of cataloging DLC
100 1# - MAIN ENTRY--PERSONAL NAME
Personal name Ehrenhaft, George.
245 10 - TITLE STATEMENT
Title How to prepare for SAT II : writing
Statement of responsibility, etc. George Ehrenhaft.
246 3# - VARYING FORM OF TITLE
Title proper/short title Barron's how to prepare for SAT II
246 3# - VARYING FORM OF TITLE
Title proper/short title SAT II, writing
250 ## - EDITION STATEMENT
Edition statement 4th ed.
260 ## - PUBLICATION, DISTRIBUTION, ETC.
Place of publication, distribution, etc. Hauppauge, N.Y. :
Name of publisher, distributor, etc. Barron's,
Date of publication, distribution, etc. c2004.
300 ## - PHYSICAL DESCRIPTION
Extent vi, 409 p. ;
Dimensions 28 cm.
500 ## - GENERAL NOTE
General note At head of title: Barron's.
500 ## - GENERAL NOTE
General note Includes index.
650 #0 - SUBJECT ADDED ENTRY--TOPICAL TERM
Topical term or geographic name entry element English language
General subdivision Composition and exercises
-- Examinations
650 #0 - SUBJECT ADDED ENTRY--TOPICAL TERM
Topical term or geographic name entry element SAT (Educational test)
700 1# - ADDED ENTRY--PERSONAL NAME
Personal name Ehrenhaft, George.
942 ## - ADDED ENTRY ELEMENTS (KOHA)
Koha item type Book
Call number prefix 808.042076 EHR
Source of classification or shelving scheme
Holdings
Withdrawn status Lost status Damaged status Not for loan Collection code Permanent Location Current Location Shelving location Date acquired Source of acquisition Cost, normal purchase price Total Checkouts Total Renewals Full call number Barcode Date last seen Date last checked out Price effective from Koha item type
          Central Library (CL) Central Library (CL) General Stacks 03/30/2010 Donation 0.00 3 3 808.042076 EHR SEECS010119 06/21/2025 12/31/2024 01/05/2017 Book
© 2023 Central Library, National University of Sciences and Technology. All Rights Reserved.